LEADER 01522nam a2200313 i 4500 001 000000155846 003 CaOOAMICUS 005 20250521080845.0 008 061128s2003 it u000 u ita u 020 $a88-16-30396-4 040 $aSeMil$bita 100 1 $aBalthasar, Hans Urs : von,$c.$0(OLS)http://semarc/name/881 240 14$aDie großen Ordensregeln.$0(OLS)http://semarc/title/228333 245 13$aLa vocazione cristiana :$bun percorso attraverso la regola di san Basilio /$cHans Urs von Balthasar ; a cura di Elio Guerriero. 260 $aMilano :$bJaca Book,$c2003. 300 $a127 p. ;$c23 cm. 490 0 $aGià e non ancora [Jaca Book] ;$v396 650 4$aMonachesimo - Regole.$0(OLS)http://semarc/subject/1386 650 4$aVocazione religiosa.$0(OLS)http://semarc/subject/47 650 4$aBasilio : di Cesarea . Regula ad monachos.$0(OLS)http://semarc/subject/29866 700 1 $aGuerriero, Elio,$d<1948- >.$0(OLS)http://semarc/name/487 830 0$aGià e non ancora ;$v396.$0(OLS)http://semarc/title/5902 850 $aSeMil 852 $aSeMil$W1$xVenegono$y1$m2LL IV 32$j257268$B107673$CSeMilBibl$Z2$F117540 $81 961 $aAcquisto: Jaca Book 996 $6020$a88-16-30396-4$9(OLS)http://semarc/number/145937 996 $6245$aLa vocazione cristiana :$bun percorso attraverso la regola di san Basilio$9(OLS)http://semarc/title/228332 996 $6260$aMilano :$bJaca Book$9(OLS)http://semarc/publisher/29781 LEADER 00995nam a2200241 4500 001 000000339655 003 CaOOAMICUS 005 20200303104752.0 008 200303s2018 it a 000 u ita r 020 $a978-88-315-5023-9 040 $aSeMil$bita 100 1 $aMorandi, Flaminia.$0(OLS)http://semarc/name/79124 245 10$aPaul Claudel :$bun amore folle per Dio /$cFlaminia Morandi. 264 1$aMilano :$bPaoline,$c2018. 300 $a280 p., [4] c. di tav. :$bill. ;$c21 cm 600 14$aClaudel, Paul <1868-1955>.$0(OLS)http://semarc/subject/9918 830 0$aUomini e donne ;$v174.$0(OLS)http://semarc/title/10136 850 $aSeMil 852 $aSeMil$W1$xVenegono$y1$m1W III 272$j221365$B232888$CSeMilBibl$Z2$F232888 $81 996 $6020$a978-88-315-5023-9$9(OLS)http://semarc/number/290064 996 $6245$aPaul Claudel :$bun amore folle per Dio$9(OLS)http://semarc/title/428577 996 $6264$aMilano :$bPaoline$9(OLS)http://semarc/publisher/29684